[Event "NCL978b Bristol2-Gwent Dragons"]
[Site "Rd9"]
[Date "1998.05.23"]
[Round "9.3"]
[White "Player, Edmund"]
[Black "Borg, Andy"]
[Result "1/2-1/2"]
[WhiteElo "2115"]
[BlackElo "2135"]
[PlyCount "57"]
[EventDate "1998.05.23"]

1. e4 c5 2. Nc3 Nc6 3. g3 g6 4. Bg2 Bg7 5. d3 Rb8 6. f4 d6 7. Nf3 b5 8. O-O e6
9. g4 Nge7 10. f5 exf5 11. gxf5 b4 12. Ne2 d5 13. Bg5 f6 14. Bf4 Rb6 15. Ng3
dxe4 16. dxe4 Qxd1 17. Rfxd1 Ne5 18. Nxe5 fxe5 {(Draw offer)} 19. Be3 Rc6 20.
Rd2 O-O 21. Rad1 gxf5 22. exf5 Bh6 23. Re1 Bxe3+ 24. Rxe3 Rc7 25. Rxe5 Nxf5 26.
Nxf5 Bxf5 27. Bd5+ Kg7 28. Rf2 Bg6 29. Rfe2 1/2-1/2

[Event "NCL978b Bristol2-Gwent Dragons"]
[Site "Rd9"]
[Date "1998.05.23"]
[Round "9.4"]
[White "Powell, J Lloyd"]
[Black "Dilleigh, Steven"]
[Result "1/2-1/2"]
[WhiteElo "2048"]
[BlackElo "2000"]
[PlyCount "83"]
[EventDate "1998.05.23"]

1. d4 Nf6 2. c4 g6 3. Nc3 Bg7 4. e4 d6 5. Be2 O-O 6. Nf3 e5 7. O-O Nc6 8. d5
Ne7 9. Nd2 a5 10. a3 Bd7 11. Ra2 a4 12. b4 axb3 13. Nxb3 b6 14. a4 Ne8 15. Be3
f5 16. f3 f4 17. Bf2 g5 18. a5 bxa5 19. Nxa5 Rf6 20. c5 dxc5 21. Nb7 Qc8 22.
Rxa8 Qxa8 23. Nxc5 Qc8 24. Nxd7 Qxd7 25. Bb5 Qd8 26. Bxe8 Qxe8 27. Qb3 Rf7 28.
Ra1 Ng6 29. Qb7 Bf8 30. Ra8 Qd7 31. h3 Kg7 32. Na4 h5 33. Nc5 Bxc5 34. Bxc5 g4
35. Qb8 gxf3 36. Qg8+ Kh6 37. Ra6 f2+ 38. Kxf2 c6 39. Rxc6 Rg7 {#} 40. Bf8 Qa7+
41. Kf1 Qa1+ 42. Ke2 1/2-1/2

[Event "NCL978b Bristol2-Gwent Dragons"]
[Site "Rd9"]
[Date "1998.05.23"]
[Round "9.6"]
[White "Vaughan, David"]
[Black "Grossett, D."]
[Result "0-1"]
[WhiteElo "2050"]
[BlackElo "1912"]
[PlyCount "79"]
[EventDate "1998.05.23"]

1. d4 g6 2. e4 Bg7 3. Nc3 c6 4. Nf3 d5 5. exd5 cxd5 6. Bb5+ Nc6 7. Ne5 Bd7 8.
Bxc6 bxc6 9. O-O c5 10. Nxd5 cxd4 11. Qxd4 Be6 12. c4 Nf6 13. Rd1 {(Draw offer)
} Ng4 14. Bf4 g5 15. Qc5 Nxe5 16. Nc7+ Qxc7 17. Qxc7 gxf4 18. Re1 Rc8 19. Qxa7
O-O 20. Qxe7 f3 21. Qg5 {(Draw offer)} h6 22. Qg3 Rxc4 23. Rxe5 Rg4 {#} 24.
Qxg4 (24. Qxf3 Bxe5 25. Re1) 24... Bxg4 25. Re4 Be6 26. Rb4 Rd8 27. a4 Rd2 28.
gxf3 Bh3 29. Rh4 Be6 30. a5 Bxb2 31. Raa4 Bd5 32. Kg2 Rd3 33. Rhg4+ Kf8 34. Rg3
Bb3 35. Rb4 Be5 36. Rh3 Be6 37. Rxh6 Ra3 38. Rh5 Rxa5 39. h3 Rd5 40. f4 {time}
0-1

[Event "NCL978b Bristol2-Gwent Dragons"]
[Site "Rd9"]
[Date "1998.05.23"]
[Round "9.7"]
[White "Sellars, Martyn"]
[Black "Walden-Jones, Andrew"]
[Result "0-1"]
[WhiteElo "1920"]
[BlackElo "1830"]
[PlyCount "72"]
[EventDate "1998.05.23"]

1. Nf3 Nf6 2. g3 g6 3. Bg2 Bg7 4. d3 d5 5. O-O O-O 6. Nbd2 Nc6 7. h3 e5 8. e4
Re8 9. Nh4 Rb8 10. exd5 Nxd5 11. Ne4 h6 12. Nc3 Nxc3 13. bxc3 g5 14. Nf3 f5 15.
Nd2 e4 16. d4 b5 17. a3 a5 18. Nb3 Be6 19. Nc5 Bc4 20. Re1 b4 21. axb4 axb4 22.
Rb1 bxc3 23. Rxb8 Nxb8 24. Be3 Nc6 25. Nb3 Bxb3 26. cxb3 Nxd4 27. Bxd4 Bxd4 28.
Qh5 Kg7 29. g4 e3 30. f4 fxg4 31. f5 Rh8 32. Qg6+ Kf8 33. hxg4 Qf6 34. Qh5 e2+
35. Kh1 c2 36. Bf3 Bc3 0-1

[Event "NCL978b Bristol2-Gwent Dragons"]
[Site "Rd9"]
[Date "1998.05.23"]
[Round "9.8"]
[White "Powell, Ann"]
[Black "Tidman, Sophie"]
[Result "0-1"]
[WhiteElo "1490"]
[BlackElo "1576"]
[PlyCount "162"]
[EventDate "1998.05.23"]

1. e4 e6 2. d4 d5 3. Nd2 c5 4. exd5 Qxd5 5. Ngf3 cxd4 6. Bc4 Qd6 7. Nb3 Nc6 8.
Nbxd4 Qb4+ 9. Nd2 Nxd4 10. c3 Qb6 11. cxd4 Qxd4 12. O-O Bd7 13. Qe2 Rc8 14. Bb5
Rc2 15. Nf3 Rxe2 16. Nxd4 Bxb5 17. Nxb5 Bc5 18. Nc3 Rc2 19. Nb5 Be7 20. Rd1 Nf6
21. Nc3 O-O 22. Rb1 Bc5 23. Rd2 Rxd2 24. Bxd2 Rd8 25. Bg5 Be7 26. Be3 a6 27.
Bb6 Rd2 28. Be3 Rc2 29. Bd4 Nd7 30. Rd1 e5 31. Be3 Nf6 32. Rd2 Rc1+ 33. Rd1
Rxd1+ 34. Nxd1 Nd5 35. a3 Nxe3 36. Nxe3 Bc5 37. Nc2 f5 38. Kf1 Kf7 39. Ke2 Ke6
40. b3 e4 41. f3 g5 42. b4 Ba7 43. h3 h5 44. Na1 e3 45. Nb3 Kd5 46. Kd3 f4 47.
Nc1 Bd4 48. Ne2 Bb2 49. a4 Ke5 50. Kc4 Kf5 51. Kd5 Bf6 52. b5 g4 53. hxg4+ hxg4
54. Kd6 gxf3 55. gxf3 axb5 56. axb5 Bd8 57. Kd7 {(Draw offer)} Ba5 58. Kd6 Kg5
59. Kd5 Bc7 60. Ke4 Kh4 61. Kd3 {(Draw offer)} Kh3 62. Nc1 Kg3 63. Ke2 b6 64.
Na2 {(Draw offer)} Be5 65. Nb4 Bd4 66. Nd3 {(Draw offer)} Bf6 67. Nb4 {
(Draw offer)} Bg5 68. Nd5 Bd8 69. Nb4 Kh4 70. Nd5 {(Draw offer)} Kg5 71. Nb4
Kf5 72. Nc2 Ke5 73. Kd3 {(Draw offer)} Kd5 74. Nd4 {(Draw offer)} Bf6 75. Nc2
Kc5 76. Ke4 Bh4 77. Nd4 Kc4 78. Ne2 {(Draw offer)} Bg5 79. Nd4 Kc3 80. Ne2+ Kd2
81. Nd4 e2 0-1

[Event "NCL978b White Rose-Barbican2"]
[Site "Rd9"]
[Date "1998.05.23"]
[Round "9.1"]
[White "Dunnington, Angus"]
[Black "Bowden, Karl"]
[Result "1/2-1/2"]
[WhiteElo "2390"]
[BlackElo "2255"]
[PlyCount "31"]
[EventDate "1998.05.23"]

1. Nf3 Nf6 2. d4 d6 3. Nc3 Bg4 4. e4 e6 5. h3 Bh5 6. Be2 Be7 7. O-O O-O 8. Nd2
Bxe2 9. Qxe2 d5 10. exd5 exd5 11. Qb5 Nc6 12. Nf3 a6 13. Qd3 Nb4 14. Qe2 Re8
15. a3 Nc6 16. Qd3 1/2-1/2

[Event "NCL978b White Rose-Barbican2"]
[Site "Rd9"]
[Date "1998.05.23"]
[Round "9.2"]
[White "Rogers, Jonathan"]
[Black "Dearing, Eddie"]
[Result "1-0"]
[WhiteElo "2335"]
[BlackElo "2295"]
[PlyCount "57"]
[EventDate "1998.05.23"]

1. d4 d5 2. c4 e6 3. Nc3 c6 4. e4 dxe4 5. Nxe4 Bb4+ 6. Bd2 Qxd4 7. Bxb4 Qxe4+
8. Be2 Na6 9. Bc3 Ne7 10. Nf3 f6 11. O-O O-O 12. Re1 e5 13. Bd3 Qg4 14. h3 Qh5
15. Nxe5 {#} Qxd1 16. Raxd1 fxe5 17. Rxe5 Nf5 18. g4 Nd6 19. Bxh7+ Kxh7 20.
Rxd6 Nc7 21. Re7 Ne6 22. g5 Rg8 23. f4 Kg6 24. Kf2 Kh5 25. Kg3 Rd8 26. Rxd8
Nxd8 27. Rxg7 Be6 28. Bf6 Nf7 29. f5 1-0

[Event "NCL978b White Rose-Barbican2"]
[Site "Rd9"]
[Date "1998.05.23"]
[Round "9.3"]
[White "Barrett, Stephen"]
[Black "Duncan, Chris"]
[Result "1/2-1/2"]
[WhiteElo "2240"]
[BlackElo "2290"]
[PlyCount "48"]
[EventDate "1998.05.23"]

1. d4 d5 2. c4 dxc4 3. e4 e5 4. d5 c6 5. Bxc4 Nf6 6. Nc3 Bb4 7. Qb3 Bxc3+ 8.
bxc3 O-O 9. Ba3 cxd5 10. exd5 Re8 11. Nf3 Bg4 12. Nd2 Nbd7 13. O-O e4 14. Qxb7
Rb8 15. Qa6 Rb6 16. Qa4 Ne5 17. Bb5 Qxd5 18. Bxe8 Qxd2 19. Bc1 Qd8 20. Bf4 Nd3
21. Bxf7+ Kxf7 22. Qxa7+ Qd7 23. Qxd7+ {(Draw offer)} Nxd7 24. Be3 Rc6 1/2-1/2

[Event "NCL978b White Rose-Barbican2"]
[Site "Rd9"]
[Date "1998.05.23"]
[Round "9.4"]
[White "Coleman, David"]
[Black "Gayson, Peter"]
[Result "1-0"]
[WhiteElo "2240"]
[BlackElo "2240"]
[PlyCount "73"]
[EventDate "1998.05.23"]

1. e4 c5 2. Nf3 e6 3. d4 cxd4 4. Nxd4 Nf6 5. Nc3 Nc6 6. g3 d6 7. Bg2 Be7 8. O-O
O-O 9. Nce2 Qc7 10. b3 a6 11. c4 Rb8 12. Bb2 Bd7 13. Rc1 Rfc8 14. Qd2 b6 15. h3
Ne8 16. Rfd1 Qa7 17. Qe3 h6 18. Kh2 Nxd4 19. Bxd4 Bc6 20. f4 Qb7 21. Bb2 Bf6
22. Nd4 Bxd4 23. Bxd4 Qc7 24. e5 Bxg2 25. Kxg2 Qc6+ 26. Qf3 dxe5 27. Bxe5 Rb7
28. Qxc6 Rxc6 29. Rd8 Kf8 30. Rcd1 Ke7 31. Bc3 a5 32. a4 Nd6 33. Rh8 Nf5 34.
Rdd8 Rd7 35. Rhe8+ Kd6 36. Be5+ Kc5 37. Rxd7 1-0

[Event "NCL978b White Rose-Barbican2"]
[Site "Rd9"]
[Date "1998.05.23"]
[Round "9.5"]
[White "Potts, Alan"]
[Black "Twyble, Michael"]
[Result "1/2-1/2"]
[WhiteElo "2290"]
[BlackElo "2205"]
[PlyCount "41"]
[EventDate "1998.05.23"]

1. e4 e5 2. Nf3 Nc6 3. Nc3 Nf6 4. d4 exd4 5. Nd5 Nxd5 6. exd5 Nb4 7. Nxd4 Qf6
8. Qe2+ Be7 9. d6 cxd6 10. Be3 O-O 11. O-O-O b6 12. h4 Qe5 13. Qd2 Nc6 14. Rh3
Bb7 15. g4 Rac8 16. Bd3 Rfe8 17. f4 Qa5 {(Draw offer)} 18. Qxa5 Nxa5 19. Nb5 a6
20. Bxb6 Nc4 21. Bxc4 1/2-1/2

[Event "NCL978b White Rose-Barbican2"]
[Site "Rd9"]
[Date "1998.05.23"]
[Round "9.6"]
[White "Kenworthy, Gary"]
[Black "Palliser, Richard"]
[Result "1-0"]
[WhiteElo "2265"]
[BlackElo "2165"]
[PlyCount "101"]
[EventDate "1998.05.23"]

1. e4 c5 2. Nf3 Nc6 3. d4 cxd4 4. Nxd4 g6 5. c4 Bg7 6. Be3 Nf6 7. Nc3 O-O 8.
Nc2 b6 9. Be2 Bb7 10. Qd2 d6 11. O-O Qb8 12. b3 Rd8 13. f4 Rd7 14. Rad1 Qf8 15.
Bf3 Rb8 16. g4 Rdd8 17. g5 Nd7 18. Bg2 a6 19. Nd5 b5 20. cxb5 axb5 21. f5 Be5
22. Qe2 b4 23. fxg6 hxg6 24. Ncxb4 Nxb4 25. Nxb4 Nc5 {#} 26. Nd5 Ba6 27. Qd2
Bxf1 28. Rxf1 e6 29. Nf6+ Bxf6 30. gxf6 d5 31. exd5 exd5 32. Bh6 Ne4 33. Qf4
Qc5+ 34. Kh1 Rb4 35. Bg7 g5 36. Qf3 Nd2 37. Qh5 Rh4 38. Qxg5 Rxh2+ 39. Kxh2
Nxf1+ 40. Bxf1 Qc2+ 41. Kg1 Qg6 42. Qxg6 fxg6 43. a4 d4 44. Bd3 Kh7 45. a5 Rb8
46. Bc4 d3 47. Kf2 d2 48. Ke2 Rd8 49. Kd1 g5 50. Be2 Kg6 51. a6 1-0

[Event "NCL978b White Rose-Barbican2"]
[Site "Rd9"]
[Date "1998.05.23"]
[Round "9.7"]
[White "Tan, Desmond"]
[Black "Sands, David"]
[Result "1/2-1/2"]
[WhiteElo "2110"]
[BlackElo "2255"]
[PlyCount "50"]
[EventDate "1998.05.23"]

1. e4 c5 2. Nf3 Nc6 3. Nc3 d6 4. d4 cxd4 5. Nxd4 Nf6 6. Bc4 Qb6 7. Nb3 e6 8.
Be3 Qc7 9. Bd3 Be7 10. O-O a6 11. a4 b6 12. f4 O-O 13. g4 Re8 14. g5 Nd7 15.
Qh5 g6 16. Qh4 Nb4 17. Rf3 Nxd3 18. cxd3 Bb7 19. Qh6 Bf8 20. Qh4 Bg7 21. Rh3
Nf8 22. Qf2 Nd7 23. Qh4 Nf8 24. Qf2 Nd7 25. Qh4 Nf8 1/2-1/2

[Event "NCL978b White Rose-Barbican2"]
[Site "Rd9"]
[Date "1998.05.23"]
[Round "9.8"]
[White "Thompson, Tracey"]
[Black "Forbes, Cathy"]
[Result "1/2-1/2"]
[WhiteElo "2030"]
[BlackElo "2105"]
[PlyCount "66"]
[EventDate "1998.05.23"]

1. e4 c5 2. Nf3 e6 3. d4 cxd4 4. Nxd4 a6 5. Bd3 Qc7 6. O-O Nf6 7. c4 Bd6 8. h3
Bf4 9. Bxf4 Qxf4 10. Nc3 d6 11. Rc1 Nbd7 12. Qf3 Qxf3 13. Nxf3 Nc5 14. Bb1 e5
15. Rfd1 Ke7 16. Rd2 Be6 17. b3 Rac8 18. Ng5 h6 19. Nxe6 fxe6 20. Rcd1 Rhd8 21.
f3 Ne8 22. Bd3 g5 23. Be2 Nd7 24. Na4 h5 25. Kf2 Nc5 26. Nxc5 Rxc5 27. h4 gxh4
28. Rh1 Nf6 29. Rxh4 Rf8 30. Ke3 d5 31. exd5 exd5 32. cxd5 Nxd5+ 33. Kf2 Nf6
1/2-1/2

[Event "NCL978b Invicta2-Guildford2"]
[Site "Rd10"]
[Date "1998.05.24"]
[Round "10.1"]
[White "Vigus, James"]
[Black "Punnett, Alan"]
[Result "1/2-1/2"]
[WhiteElo "2260"]
[BlackElo "2100"]
[PlyCount "96"]
[EventDate "1998.05.24"]

1. d4 e6 2. g3 Nf6 3. Bg2 d5 4. Nf3 c5 5. O-O Nc6 6. c4 dxc4 7. Qa4 Qa5 8. Qxc4
Be7 9. Nc3 O-O 10. dxc5 Qxc5 11. Qxc5 Bxc5 12. Bg5 Be7 13. Bf4 Rd8 14. Rfd1
Rxd1+ 15. Rxd1 Ne8 16. e4 h6 17. h4 Kf8 18. a3 b6 19. e5 Rb8 20. Ne1 Na5 21. b4
Nc4 22. Rd4 b5 23. Nxb5 Rxb5 24. Rxc4 Ba6 25. Rc1 g5 26. hxg5 hxg5 27. Be3 Rxe5
28. Bxa7 g4 29. Nc2 Bg5 30. Be3 Nf6 31. Bxg5 Rxg5 32. Ne3 Bb5 33. Rc7 Nd7 34.
Ra7 Ne5 35. a4 Be2 36. b5 Nf3+ 37. Bxf3 Bxf3 38. b6 Rh5 39. Ng2 Rd5 40. Rc7
Rd1+ 41. Kh2 Kg7 42. a5 Rb1 43. Rc2 Ra1 44. Rb2 Bb7 45. Rb4 f5 46. Rc4 Kf6 47.
Rc7 Bxg2 48. Kxg2 Rxa5 1/2-1/2

[Event "NCL978b Invicta2-Guildford2"]
[Site "Rd10"]
[Date "1998.05.24"]
[Round "10.2"]
[White "Shepley, Julien"]
[Black "Hanreck, Alan"]
[Result "1/2-1/2"]
[WhiteElo "2180"]
[BlackElo "2255"]
[PlyCount "28"]
[EventDate "1998.05.24"]

1. Nc3 c5 2. e4 Nc6 3. Nge2 Nd4 4. Nxd4 cxd4 5. Ne2 e5 6. c3 dxc3 7. Nxc3 Nf6
8. Bc4 Bc5 9. O-O O-O 10. d3 h6 11. Kh1 d6 12. f4 Ng4 13. Qe1 exf4 14. Bxf4 g5
1/2-1/2

[Event "NCL978b Invicta2-Guildford2"]
[Site "Rd10"]
[Date "1998.05.24"]
[Round "10.3"]
[White "Alfred, Nathan"]
[Black "Singleton, Michael"]
[Result "1-0"]
[WhiteElo "2225"]
[BlackElo "2080"]
[PlyCount "49"]
[EventDate "1998.05.24"]

1. e4 c5 2. Nf3 e6 3. d4 cxd4 4. Nxd4 Nf6 5. Nc3 Nc6 6. Ndb5 d6 7. Bf4 e5 8.
Bg5 a6 9. Na3 b5 10. Bxf6 gxf6 11. Nd5 f5 12. Bd3 Be6 13. Qh5 Rg8 14. h4 Rc8
15. c3 fxe4 16. Bxe4 Bg4 17. Qxh7 Rg7 18. Qh8 f5 19. f3 fxe4 20. fxg4 Rf7 21.
g5 b4 22. g6 Rg7 23. O-O Kd7 24. Nc4 Rb8 25. Ncb6+ 1-0

[Event "NCL978b Invicta2-Guildford2"]
[Site "Rd10"]
[Date "1998.05.24"]
[Round "10.4"]
[White "Tuddenham, David"]
[Black "Bibby, Simon"]
[Result "1/2-1/2"]
[WhiteElo "1832"]
[BlackElo "2205"]
[PlyCount "113"]
[EventDate "1998.05.24"]

1. e4 e6 2. d4 d5 3. Nc3 Nf6 4. exd5 exd5 5. Nf3 Bd6 6. Bd3 Qe7+ 7. Qe2 Qxe2+
8. Bxe2 Bf5 9. Bg5 c6 10. O-O-O Nbd7 11. Rhe1 O-O 12. Nh4 Be6 13. h3 b5 14. Bd3
g6 15. f4 b4 16. Nb1 Ne4 17. Bxe4 dxe4 18. Rxe4 Kg7 19. f5 gxf5 20. Re2 Bg3 21.
Nf3 Bc4 22. Re7 Be6 23. d5 cxd5 24. Nd4 Nc5 25. Nxe6+ Nxe6 26. Bd2 a5 27. c3 d4
28. Rf1 Kf6 29. Rd7 Rfc8 30. Kd1 dxc3 31. bxc3 Rd8 32. Rxd8 Rxd8 33. Kc2 Rc8
34. Kd1 Rc4 35. Rf3 Be5 36. cxb4 axb4 37. a3 bxa3 38. Rxa3 h5 39. Ke2 Rc2 40.
Kd3 Rb2 41. Nc3 Bf4 42. Nd5+ Kg5 43. Nxf4 Nxf4+ 44. Kc3 Rxd2 45. Kxd2 h4 46.
Ra8 Kf6 47. Rg8 Ng6 48. Ke3 Kg5 49. Rg7 Kf6 50. Rg8 Kg5 51. Ra8 Kf6 52. Ra6+
Kg5 53. Rb6 Nf4 54. Kf3 Nh5 55. Rb7 Kg6 56. Ra7 Kf6 57. Rb7 1/2-1/2

[Event "NCL978b Invicta2-Guildford2"]
[Site "Rd10"]
[Date "1998.05.24"]
[Round "10.5"]
[White "Gurr, Lyndon"]
[Black "Stimpson, Phil"]
[Result "1-0"]
[WhiteElo "2208"]
[BlackElo "1960"]
[PlyCount "61"]
[EventDate "1998.05.24"]

1. d4 Nf6 2. c4 e6 3. Nf3 d5 4. Nc3 Be7 5. Bg5 h6 6. Bh4 O-O 7. e3 b6 8. cxd5
exd5 9. Bd3 Bb7 10. Rc1 Nbd7 11. O-O Ne4 12. Bxe7 Qxe7 13. Qe2 c5 14. Ba6 Nxc3
15. Rxc3 Bxa6 16. Qxa6 c4 17. Rfc1 Rfb8 18. a4 b5 19. axb5 Qb4 20. R3c2 Rb6 21.
Qa2 Rxb5 22. Nd2 Nb6 23. e4 Ra5 24. Qb1 Rd8 25. exd5 Raxd5 26. Nxc4 Rxd4 27.
Ne5 Qd6 28. Nf3 Rd1+ 29. Ne1 Qd4 30. Re2 Qd3 $4 {#} 31. Rxd1 1-0

[Event "NCL978b Invicta2-Guildford2"]
[Site "Rd10"]
[Date "1998.05.24"]
[Round "10.6"]
[White "Erichsen, D."]
[Black "Fenn, Paul"]
[Result "1/2-1/2"]
[WhiteElo "1872"]
[BlackElo "2065"]
[PlyCount "44"]
[EventDate "1998.05.24"]

1. e4 Nc6 2. Nf3 d6 3. d4 Nf6 4. Bd3 Bg4 5. Be3 e5 6. d5 Nb8 7. c4 Be7 8. O-O
O-O 9. Nc3 Nbd7 10. b4 Kh8 11. Rc1 Ng8 12. h3 Bh5 13. Nb5 a6 14. Nc3 Bg6 15. c5
f5 16. exf5 Bxf5 17. Ne4 Ndf6 18. Qc2 Nxe4 19. Bxe4 Bxe4 20. Qxe4 Nf6 21. Qc4
Nh5 22. Rfe1 Nf4 1/2-1/2

[Event "NCL978b Invicta2-Guildford2"]
[Site "Rd10"]
[Date "1998.05.24"]
[Round "10.7"]
[White "Richards, Heather"]
[Black "Bimbatti, Gian"]
[Result "1/2-1/2"]
[WhiteElo "1880"]
[BlackElo "1808"]
[PlyCount "90"]
[EventDate "1998.05.24"]

1. e4 c5 2. c3 Nf6 3. e5 Nd5 4. d4 cxd4 5. Nf3 e6 6. cxd4 Nc6 7. a3 d6 8. Bd3
dxe5 9. dxe5 Be7 10. O-O Bd7 11. Qe2 h6 12. Bd2 g5 13. Qe4 Na5 14. Nd4 Nf4 15.
Bxa5 Qxa5 16. Qxb7 Rd8 17. Nc6 Bxc6 18. Qxc6+ Kf8 19. Bb5 Rd5 20. Qe8+ Kg7 21.
Qxe7 Rxb5 22. Qf6+ Kg8 23. Nc3 Nd5 24. Nxd5 Rxd5 25. Rfd1 Qc7 26. Rac1 Kh7 27.
h4 Rxd1+ 28. Rxd1 Rg8 29. h5 g4 30. Qf4 Rg5 31. Rc1 Qd7 32. b4 Rf5 33. Qxg4 Qd2
34. Rf1 Qc3 35. Qg3 Qxe5 36. Qxe5 Rxe5 37. Rd1 Kg7 38. Rd7 a5 39. Rb7 axb4 40.
axb4 Rxh5 41. Kf1 Rh1+ {(Draw offer)} 42. Ke2 Rb1 43. Kd3 Rb2 44. Ke3 Kf6 45.
g4 Kg5 1/2-1/2

[Event "NCL978b Invicta2-Guildford2"]
[Site "Rd10"]
[Date "1998.05.24"]
[Round "10.8"]
[White "Lusher, Claire"]
[Black "Stille, Alex"]
[Result "1-0"]
[WhiteElo "1784"]
[BlackElo "1840"]
[PlyCount "29"]
[EventDate "1998.05.24"]

1. e4 d5 2. exd5 Qxd5 3. Nc3 Qa5 4. d4 Nf6 5. Nf3 Bg4 6. d5 Ne4 7. Qd3 Nxc3 8.
bxc3 Nd7 9. Bf4 Bxf3 10. Qxf3 g6 11. Bd2 Bg7 12. c4 Ne5 13. Qb3 Qb6 14. Rb1 Ng4
$4 {#} 15. Qa4+ 1-0

[Event "NCL978b Bristol2-Simpsons"]
[Site "Rd10"]
[Date "1998.05.24"]
[Round "10.1"]
[White "Buckley, Simon"]
[Black "Norwood, David"]
[Result "0-1"]
[WhiteElo "2105"]
[BlackElo "2515"]
[PlyCount "60"]
[EventDate "1998.05.24"]

1. e4 g6 2. d4 Bg7 3. Nc3 c6 4. Be3 d6 5. Qd2 Nd7 6. Nf3 b5 7. Bd3 Ngf6 8. Bh6
Bxh6 9. Qxh6 e5 10. dxe5 dxe5 11. O-O-O Ng4 12. Qd2 b4 13. Nb1 Qb6 14. Rhf1 O-O
15. h3 Ngf6 16. Nh2 Nc5 17. Ng4 Nxg4 18. hxg4 Nxd3+ 19. Qxd3 Ba6 20. Qh3 Bxf1
21. Rxf1 f6 22. Nd2 Rad8 23. g5 fxg5 24. Nf3 g4 25. Qxg4 Rd6 26. Qh4 Qa6 27.
Rh1 Rf7 28. Nxe5 Qxa2 29. Nd3 Qa1+ 30. Kd2 Qxb2 0-1

[Event "NCL978b Bristol2-Simpsons"]
[Site "Rd10"]
[Date "1998.05.24"]
[Round "10.2"]
[White "Hennigan, Michael"]
[Black "Easton, Alex"]
[Result "1-0"]
[WhiteElo "2415"]
[BlackElo "2096"]
[PlyCount "65"]
[EventDate "1998.05.24"]

1. e4 e6 2. d4 d5 3. Nd2 Nf6 4. e5 Nfd7 5. f4 c5 6. c3 Nc6 7. Ndf3 Qb6 8. g3
Be7 9. Bh3 O-O 10. Ne2 a5 11. a4 Kh8 12. O-O cxd4 13. cxd4 f5 14. Kh1 Ndb8 15.
g4 Na6 16. Nc3 Nab4 17. Rg1 Bd7 18. Be3 Be8 19. Qd2 Bg6 20. Rg3 Qa6 21. Nb5
Rac8 22. gxf5 Bxf5 23. Bxf5 exf5 24. Rag1 Rg8 25. Ng5 g6 26. Nxh7 {#} Kxh7 27.
Qg2 Nxe5 28. fxe5 Qe6 29. Qh3+ Kg7 30. Rxg6+ Qxg6 31. Qh6+ Kf7 32. Rxg6 Rxg6
33. Qh7+ 1-0

[Event "NCL978b Bristol2-Simpsons"]
[Site "Rd10"]
[Date "1998.05.24"]
[Round "10.3"]
[White "Buckley, David"]
[Black "Mortazavi, Ali"]
[Result "0-1"]
[WhiteElo "2115"]
[BlackElo "2385"]
[PlyCount "64"]
[EventDate "1998.05.24"]

1. g3 e5 2. c4 Nc6 3. Bg2 g6 4. Nc3 Bg7 5. e3 h5 6. Nf3 d6 7. d3 Nh6 8. Bd2 g5
9. Nd5 f5 10. h4 g4 11. Ng5 O-O 12. b4 Ne7 13. b5 Kh8 14. Rc1 a6 15. a4 Ra7 16.
a5 Nxd5 17. Bxd5 Bd7 18. bxa6 c6 19. Bg2 Rxa6 20. Rb1 Bc8 21. Bc3 f4 22. exf4
exf4 23. Bxg7+ Kxg7 24. gxf4 Qxa5+ 25. Kf1 Rxf4 26. Qe2 Qe5 27. Qd2 Nf5 28. Re1
Ra1 29. Be4 Rxe1+ 30. Qxe1 Ng3+ 31. Kg2 Nxh1 32. Kxh1 d5 0-1

[Event "NCL978b Bristol2-Simpsons"]
[Site "Rd10"]
[Date "1998.05.24"]
[Round "10.4"]
[White "Tozer, Richard"]
[Black "Player, Edmund"]
[Result "1-0"]
[WhiteElo "2305"]
[BlackElo "2115"]
[PlyCount "55"]
[EventDate "1998.05.24"]

1. d4 e6 2. c4 d5 3. Nc3 dxc4 4. e4 a6 5. Bxc4 b5 6. Bb3 Bb7 7. Nf3 Nf6 8. Bg5
Be7 9. e5 Nd5 10. Bxe7 Nxe7 11. O-O b4 12. Na4 Bd5 13. Bc2 Nbc6 14. Rc1 Bxf3
15. Qxf3 Nxd4 16. Qg4 h5 17. Qe4 Qd5 18. Rfd1 Rd8 19. Qxd5 Rxd5 20. Bd3 Nef5
21. Rxc7 O-O 22. Nb6 Ra5 23. Bb1 Rd8 24. Kf1 Rxe5 25. Rc4 Rb5 26. Bxf5 Rxb6 $4
27. Rdxd4 Rxd4 28. Rc8+ 1-0

[Event "NCL978b Bristol2-Simpsons"]
[Site "Rd10"]
[Date "1998.05.24"]
[Round "10.6"]
[White "Hennigan, Rita"]
[Black "Grossett, D."]
[Result "0-1"]
[WhiteElo "2225"]
[BlackElo "1912"]
[PlyCount "128"]
[EventDate "1998.05.24"]

1. e4 e6 2. d4 d5 3. Nc3 dxe4 4. Nxe4 Bd7 5. Nf3 Bc6 6. Bd3 Nd7 7. O-O Be7 8.
Re1 Ngf6 9. Nxf6+ Bxf6 10. Ne5 Nxe5 11. dxe5 Qd5 12. Qg4 Bxe5 13. Be4 Qd6 14.
Bxc6+ bxc6 15. Bg5 O-O 16. Rad1 Qc5 17. b4 Qc3 18. Qe4 Bd6 19. Bd2 Qf6 20. Qxc6
Rab8 21. a3 Rfd8 22. c4 Bxh2+ 23. Kxh2 Rxd2 24. Rxd2 Qh6+ 25. Kg1 Qxd2 26. Kf1
Qd3+ 27. Kg1 Qxa3 28. Qxc7 Qxb4 29. Ra1 Qb6 30. Qxa7 Qxa7 31. Rxa7 h5 32. g3
Rc8 33. Ra5 g6 34. c5 Kf8 35. Kg2 Ke7 36. Kf3 f5 37. Ke3 g5 38. f4 Kf6 39. Kd4
Rd8+ 40. Kc4 gxf4 41. gxf4 h4 42. c6 Ke7 43. Ra3 Kd6 44. Rd3+ Kc7 45. Rh3 Kxc6
46. Rxh4 Rd1 47. Rh8 Rf1 48. Rh4 Re1 49. Kd3 Re4 50. Rh6 Kd5 51. Rh4 Ra4 52.
Ke3 Ra3+ 53. Ke2 Ke4 54. Kf2 Rf3+ 55. Ke2 Rxf4 56. Rh3 Ke5 57. Ra3 Rb4 58. Ke3
f4+ 59. Kf3 Kf5 60. Ra8 Rb3+ 61. Kf2 e5 62. Rf8+ Ke4 63. Ra8 Rb2+ 64. Ke1 f3
0-1

[Event "NCL978b Bristol2-Simpsons"]
[Site "Rd10"]
[Date "1998.05.24"]
[Round "10.7"]
[White "Sellars, Martyn"]
[Black "Chan, Nevil"]
[Result "1-0"]
[WhiteElo "1920"]
[BlackElo "2016"]
[PlyCount "37"]
[EventDate "1998.05.24"]

1. c4 b6 2. Nc3 Bb7 3. Nf3 e6 4. g3 f5 5. Bg2 Nf6 6. O-O Bd6 7. d4 O-O 8. d5 c6
9. Nd4 Qe7 10. Bg5 g6 11. e4 Be5 12. Rc1 Qd6 13. exf5 exf5 14. Re1 Na6 15. dxc6
dxc6 16. Nxc6 Bxc6 17. Qxd6 Bxd6 18. Bxc6 Rab8 19. Re6 1-0

[Event "NCL978b Bristol2-Simpsons"]
[Site "Rd10"]
[Date "1998.05.24"]
[Round "10.8"]
[White "Houska, Mario"]
[Black "Tidman, Sophie"]
[Result "1/2-1/2"]
[WhiteElo "1624"]
[BlackElo "1576"]
[PlyCount "92"]
[EventDate "1998.05.24"]

1. d4 d5 2. Bg5 Nf6 3. Bxf6 gxf6 4. e3 e5 5. c4 c6 6. dxe5 fxe5 7. cxd5 cxd5 8.
Bb5+ Nc6 9. Ne2 Qa5+ 10. Nbc3 Be6 11. O-O a6 12. Ba4 Bg7 13. b4 Qd8 14. a3 d4
15. Bxc6+ bxc6 16. exd4 exd4 17. Na4 Bc4 18. Re1 O-O 19. Qd2 a5 20. Nc5 d3 21.
Nc3 Qd4 22. Rac1 axb4 23. axb4 Rfe8 24. Rxe8+ Rxe8 25. h3 Qh4 26. Re1 Rxe1+ 27.
Qxe1 Qd8 28. Nb1 Bb5 29. Nb3 Bf8 30. Qe4 Qg5 31. N1d2 {(Draw offer)} Qg6 32.
Qe5 Bxb4 33. Ne4 Qg7 34. Qb8+ Bf8 35. Qf4 Kh8 36. Nbd2 Qg6 37. Qe5+ Qg7 38. Qf4
Qa1+ 39. Kh2 Qg7 40. Ng5 Bd6 41. Nxf7+ Qxf7 42. Qxd6 Kg7 43. Ne4 h6 44. Qd4+ {
(Draw offer)} Kg8 45. Nf6+ Kf8 46. Nd7+ Kg8 1/2-1/2